[Event "GRE-chT 44th"]
[Site "Achaia"]
[Date "2016.07.09"]
[Round "6.15"]
[White "Mitsiali, Marina"]
[Black "Havanecz, Bianka"]
[Result "0-1"]
[WhiteElo "1059"]
[BlackElo "2224"]
[PlyCount "70"]
[EventDate "2016.07.05"]
[EventType "team-swiss"]
[EventRounds "7"]
[EventCountry "GRE"]
[SourceTitle "CBM 173 Extra"]
[Source "ChessBase"]
[SourceDate "2016.08.29"]
[SourceVersion "1"]
[SourceVersionDate "2016.08.29"]
[SourceQuality "1"]
[WhiteTeam "Corfu SPZ"]
[BlackTeam "Rhodes Knight"]
[WhiteTeamCountry "GRE"]
[BlackTeamCountry "GRE"]

1. Nf3 d5 2. g3 Nf6 3. Bg2 Bg4 4. 0-0 e6 5. d3 Be7 6. Bf4 Nbd7 7. Nbd2 0-0 8. h3 Bh5 9. Re1 h6 10. e4 e5 11. Be3 d4 12. Bxh6 gxh6 13. g4 Bg6 14. Nc4 Bb4 15. Re2 Re8 16. Qc1 Bf8 17. Na5 c5 18. Nc4 b5 19. Na3 a6 20. g5 Nh5 21. gxh6 Nf4 22. Re1 Bxh6 23. Qd1 Kh7 24. Nb1 Rg8 25. Nbd2 Nxg2 26. Kxg2 Bf5+ 27. Kf1 Bxh3+ 28. Ke2 Qf6 29. Qc1 Rg2 30. Rh1 Bg4 31. Kf1 Bxf3 32. Nxf3 Rag8 33. Qd1 Nf8 34. Ke2 R8g3 35. Nh4 Qxf2# 0-1

[Event "GRE-chT 44th"]
[Site "Achaia"]
[Date "2016.07.06"]
[Round "2.16"]
[White "Mitsiali, Marina"]
[Black "Seretaki, Konstantina"]
[Result "0-1"]
[WhiteElo "1059"]
[BlackElo "1609"]
[PlyCount "96"]
[EventDate "2016.07.05"]
[EventType "team-swiss"]
[EventRounds "7"]
[EventCountry "GRE"]
[SourceTitle "CBM 173 Extra"]
[Source "ChessBase"]
[SourceDate "2016.08.29"]
[SourceVersion "1"]
[SourceVersionDate "2016.08.29"]
[SourceQuality "1"]
[WhiteTeam "Corfu SPZ"]
[BlackTeam "New Filadelfeias"]
[WhiteTeamCountry "GRE"]
[BlackTeamCountry "GRE"]

1. Nf3 d5 2. g3 c5 3. Bg2 Nf6 4. 0-0 e6 5. d3 Be7 6. Bf4 Nc6 7. e3 0-0 8. Nc3 Nh5 9. Ne2 Nxf4 10. Nxf4 e5 11. Ne2 Be6 12. Nd2 Qb6 13. b3 f5 14. f4 e4 15. dxe4 dxe4 16. Nc4 Qc7 17. Nc3 Rad8 18. Qe2 a6 19. Rad1 b5 20. Rxd8 Rxd8 21. Nb2 Bf6 22. Ncd1 Qa5 23. c4 Rd2 24. Qe1 Bxb2 25. Nxb2 Rxb2 26. Qd1 Qxa2 27. Bh3 Rd2 28. Qe1 Rxh2 29. Rf2 Qxf2+ 30. Qxf2 Rxf2 31. Kxf2 bxc4 32. bxc4 Na5 33. Bf1 Bxc4 34. Bh3 Be6 35. Bf1 c4 36. Ke1 Nc6 37. Kd2 Nb4 38. Kc3 Nd3 39. Kd2 Bd7 40. Be2 a5 41. Bd1 Kf7 42. Kc3 Bb5 43. Bh5+ g6 44. Bd1 Ke7 45. Kd4 Kd6 46. g4 a4 47. Kc3 a3 48. Kc2 a2 0-1